000 00434nam a2200157 i 4500
001 47757
003 ES-MaACL
005 20230906161626.0
007 t|
008 030522s1918 fr ||||1| fre d
100 1 _aBinet-Valmer (
_d1875-1940)
_928921
245 1 0 _aMémoires d'un engagé volontaire /
_cpar Binet-Valmer.
260 _aParis :
_bErnest Flammarion,
_c[1918]
300 _a256 p. ;
_c18 cm.
852 _aES-MaACL
_jF-2865
999 _c47757
_d47757